Musicas dos Beatles com Nomes de Pessoas - Statistics

Estatísticas Gerais
  • Esse quiz foi jogado 369 vezes
    270 desde o último reset
  • A pontuação média é 10 de 16
Estatísticas das Respostas
Álbum Música % Correto
Single Hey {Jude}
94%
Sgt. Pepper's Lonely Hearts Club Band {Lucy} in the Sky With Diamonds
87%
Single The Ballad of John and {Yoko}
73%
Rubber Soul Michelle
67%
Please Please Me {Anna} (Go to Him)
65%
Single Lady {Madonna}
63%
The Beatles (White Album Dear {Prudence}
60%
Abbey Road {Maxwell}'s Silver Hammer
60%
Sgt. Pepper's Lonely Hearts Club Band Lovely {Rita}
58%
The Beatles (White Album) {Martha} My Dear
56%
The Beatles (White Album) {Rocky} Raccoon
56%
The Beatles (White Album) Julia
53%
Help! Dizzy Miss {Lizzy}
52%
Sgt. Pepper's Lonely Hearts Club Band For the Benefit of Mr. {Kite}
52%
Revolver Eleanor Rigby
49%
The Beatles (White Album) The Continuing Story of Bungalow {Bill}
49%
Nenhum quiz correspondente encontrado
Distribuição das Pontuações
Porcentagem de Pessoas com Cada Pontuação
Percentil de Números Respondidos
Sua Pontuação Histórica
Você não jogou esse quiz desde o último reset